| 000 -LEADER |
| fixed length control field |
00949nam a22002057a 4500 |
| 003 - CONTROL NUMBER IDENTIFIER |
| control field |
OSt |
| 005 - DATE AND TIME OF LATEST TRANSACTION |
| control field |
20241003132334.0 |
| 008 - FIXED-LENGTH DATA ELEMENTS--GENERAL INFORMATION |
| fixed length control field |
230912b ||||| |||| 00| 0 eng |
| 040 ## - CATALOGING SOURCE |
| Transcribing agency |
SSBUL |
| 041 ## - LANGUAGE CODE |
| Language code of text/sound track or separate title |
bur |
| 082 ## - DEWEY DECIMAL CLASSIFICATION NUMBER |
| Edition number |
23 |
| Classification number |
၂၉၄.၃၄၄၃ |
| Item number |
ဓမ် ၁၃၀၇၄ S-SAT |
| 100 1# - MAIN ENTRY--PERSONAL NAME |
| Personal name |
ဓမ္မဓဇ၊ အရှင် (ဦးနု)။ |
| 9 (RLIN) |
30530 |
|
| 9 (RLIN) |
30530 |
| 245 10 - TITLE STATEMENT |
| Title |
အမြတ်ဆုံးသုံးဆူ၊ ဒုတိယတွဲ / |
| Statement of responsibility, etc. |
အရှင်ဓမ္မဓဇ (ဦးနု)၊ တည်းဖြတ်သူ မဟာစည်ဆရာတော်ဘုရားကြီး။ |
| 260 ## - PUBLICATION, DISTRIBUTION, ETC. |
| Place of publication, distribution, etc. |
ရန်ကုန်၊ |
| Name of publisher, distributor, etc. |
ရတနာသီရိ စာပုံနိပ်တိုက်၊ |
| Date of publication, distribution, etc. |
[၁၉၆၈]။ |
| 300 ## - PHYSICAL DESCRIPTION |
| Extent |
ခ၊ ၄၇၄ စာမျက်နာ၊ |
| Dimensions |
၁၈ စင်တီ။ |
| 500 ## - GENERAL NOTE |
| General note |
S-SAT: prof. Sai Aung Tun |
| 650 ## - SUBJECT ADDED ENTRY--TOPICAL TERM |
| Topical term or geographic name entry element |
တရားတေ် |
| 9 (RLIN) |
34569 |
| 942 ## - ADDED ENTRY ELEMENTS (KOHA) |
| Koha item type |
Book (Short term) |
| Source of classification or shelving scheme |
|